| 000 | 00422pam a2200145a 44500 | ||
|---|---|---|---|
| 008 | 230405s2007 xxu||||| |||| 00| 0 eng d | ||
| 041 | _aENG | ||
| 100 | _aSingh B.D | ||
| 245 | _aFUNDAMENTALS OF GENETICS | ||
| 250 | _a4th rev.2007 . . . . . . Ed. | ||
| 260 |
_aLudhiana _bKalyani Publishers, _c2007 |
||
| 300 | _a719p. | ||
| 440 | _aBHARATI GRAHAK BHANDAR PUNE B-143, DT-10/09/2007,B-2470, DT-15/12/2017 | ||
| 906 | _a99 | ||
| 999 |
_c288978 _d288978 |
||